[Event "Coin op"]
[Site "Coin"]
[Date "2021.04.01"]
[Round "2"]
[White "Broekman, Willem"]
[Black "Alshameary Puente, Ismael"]
[Result "1-0"]
[WhiteElo "1965"]
[BlackElo "2349"]
[PlyCount "46"]
[EventDate "2021.04.01"]
[EventType "swiss"]
[EventRounds "7"]
[EventCountry "ESP"]
[SourceTitle "EXT 2022"]
[Source "ChessBase"]
[SourceDate "2021.10.06"]
[SourceVersion "1"]
[SourceVersionDate "2021.10.06"]
[SourceQuality "1"]

1. d4 Nf6 2. c4 e6 3. Nf3 Bb4+ 4. Bd2 a5 5. Nc3 0-0 6. g3 b6 7. Bg2 Bb7 8. 0-0 d6 9. a3 Bxc3 10. Bxc3 a4 11. Rc1 Nbd7 12. Nd2 Bxg2 13. Kxg2 e5 14. e4 Re8 15. f3 h5 16. Re1 h4 17. Nf1 Nh5 18. f4 Nhf6 19. Qf3 Qc8 20. gxh4 Qb7 21. fxe5 dxe5 22. d5 Nf8 23. h5 Qc8 1-0

[Event "Gibraltar Challengers op-B"]
[Site "Caleta"]
[Date "2019.01.28"]
[Round "3"]
[White "Maisuradze, Nino"]
[Black "Broekman, Willem"]
[Result "1/2-1/2"]
[WhiteElo "2215"]
[BlackElo "2071"]
[PlyCount "169"]
[EventDate "2019.01.26"]
[EventType "swiss"]
[EventRounds "5"]
[EventCountry "GGB"]
[SourceTitle "CBM 188 Extra"]
[Source "ChessBase"]
[SourceDate "2019.02.28"]
[SourceVersion "1"]
[SourceVersionDate "2019.02.28"]
[SourceQuality "1"]

1. d4 e6 2. c4 f5 3. Nc3 Nf6 4. e3 b6 5. Bd3 Bb7 6. f3 Bb4 7. Nge2 0-0 8. Qc2 c5 9. Bd2 Nc6 10. 0-0 cxd4 11. exd4 Rc8 12. a3 Bd6 13. b4 Qe8 14. Be1 Qh5 15. Bg3 Bxg3 16. hxg3 Qg5 17. Qc1 Qh5 18. Qe3 Qe8 19. Nb5 Qe7 20. d5 exd5 21. Qxe7 Nxe7 22. Nxa7 Ra8 23. Nb5 dxc4 24. Bxc4+ Bd5 25. Bxd5+ Nfxd5 26. Rfd1 g6 27. Nf4 Nxf4 28. gxf4 Rfd8 29. Nd6 Ra7 30. Rd3 Kf8 31. Rad1 Rc7 32. Nb5 Rb7 33. Nd6 Rc7 34. R1d2 Ng8 35. Nb5 Rb7 36. Rd6 Ne7 37. Nd4 Ra8 38. Nb5 Rd8 39. Kf2 Nc8 40. R6d3 Ne7 41. Nd6 Rc7 42. g4 fxg4 43. fxg4 Ng8 44. Kf3 Nf6 45. Nb5 Rb7 46. g5 Ng8 47. Rd6 Ne7 48. Rf6+ Kg8 49. Nd6 Ra7 50. Rd3 Rf8 51. Ne4 Rfa8 52. Rxb6 Rxa3 53. Nf6+ Kf7 54. Rbd6 Rxd3+ 55. Rxd3 h5 56. Rxd7 Ke6 57. Rb7 Nd5 58. Nxd5 Kxd5 59. Rb5+ Kc4 60. Rb6 Kd5 61. Rxg6 Ra3+ 62. Kg2 Rb3 63. Rh6 Ke4 64. Rxh5 Kxf4 65. g6 Rg3+ 66. Kf2 Rxg6 67. Ke2 Ke4 68. Kd2 Kd4 69. Rh4+ Kd5 70. Kc2 Rg3 71. Kb2 Kc6 72. Rh5 Kb6 73. Rc5 Rh3 74. Rc8 Kb7 75. Rc3 Rxc3 76. Kxc3 Kb6 77. Kc4 Kc6 78. b5+ Kb6 79. Kb4 Kb7 80. Kc5 Kc7 81. b6+ Kb7 82. Kb5 Kb8 83. Kc6 Kc8 84. b7+ Kb8 85. Kb6 1/2-1/2

[Event "Gibraltar Challengers-B"]
[Site "Caleta"]
[Date "2018.01.27"]
[Round "1"]
[White "Dolzhikova, Olga"]
[Black "Broekman, Willem"]
[Result "1/2-1/2"]
[WhiteElo "2187"]
[BlackElo "2006"]
[PlyCount "62"]
[EventDate "2018.01.27"]
[EventType "swiss"]
[EventRounds "5"]
[EventCountry "GGB"]
[SourceTitle "EXT 2019"]
[Source "ChessBase"]
[SourceDate "2018.10.10"]
[SourceVersion "1"]
[SourceVersionDate "2018.10.10"]
[SourceQuality "1"]

1. e4 e6 2. d4 d5 3. Nc3 Bb4 4. e5 c5 5. Bd2 cxd4 6. Nb5 Bxd2+ 7. Qxd2 Nc6 8. Nf3 f6 9. exf6 Nxf6 10. Nbxd4 0-0 11. Be2 Ne4 12. Qe3 Qb6 13. Nxc6 Qxe3 14. Ne7+ Kf7 15. fxe3 Kxe7 16. Bd3 Nf6 17. Ke2 Bd7 18. Rhg1 h6 19. Ne5 Be8 20. g4 g5 21. Ng6+ Bxg6 22. Bxg6 Nd7 23. Rg2 Rf6 24. Bd3 Ne5 25. Rh1 Raf8 26. h4 gxh4 27. Rxh4 Rg8 28. Kd1 Kd6 29. Be2 Rfg6 30. Kd2 b6 31. Rgh2 Nxg4 1/2-1/2

[Event "Gibraltar Masters 15th"]
[Site "Caleta"]
[Date "2017.01.30"]
[Round "7"]
[White "Broekman, Willem"]
[Black "De Francesco, Klaus"]
[Result "0-1"]
[WhiteElo "1997"]
[BlackElo "2252"]
[PlyCount "50"]
[EventDate "2017.01.24"]
[EventType "swiss"]
[EventRounds "10"]
[EventCountry "GGB"]
[SourceTitle "CBM 177"]
[Source "ChessBase"]
[SourceDate "2017.03.16"]
[SourceVersion "1"]
[SourceVersionDate "2017.03.16"]
[SourceQuality "1"]

1. d4 Nf6 2. c4 e6 3. Nc3 Bb4 4. Qc2 0-0 5. a3 Bxc3+ 6. Qxc3 d5 7. Bg5 c5 8. dxc5 d4 9. Qc2 e5 10. Rd1 h6 11. Bh4 Qa5+ 12. Qd2 Qxd2+ 13. Rxd2 Ne4 14. Rd1 g5 15. Bg3 Nd7 16. f3 Nxg3 17. hxg3 Kg7 18. e3 dxe3 19. c6 bxc6 20. Rd6 Nf6 21. Rxc6 Rd8 22. Ne2 Rd2 23. Nc3 Rxb2 24. Nd5 Bb7 25. Rd6 Nxd5 0-1

[Event "Gibraltar Masters 15th"]
[Site "Caleta"]
[Date "2017.01.28"]
[Round "5"]
[White "Broekman, Willem"]
[Black "Povah, Nigel Edward"]
[Result "1-0"]
[WhiteElo "1997"]
[BlackElo "2298"]
[PlyCount "57"]
[EventDate "2017.01.24"]
[EventType "swiss"]
[EventRounds "10"]
[EventCountry "GGB"]
[SourceTitle "CBM 177"]
[Source "ChessBase"]
[SourceDate "2017.03.16"]
[SourceVersion "1"]
[SourceVersionDate "2017.03.16"]
[SourceQuality "1"]

1. d4 Nf6 2. c4 e6 3. Nc3 c5 4. d5 exd5 5. cxd5 d6 6. Nf3 g6 7. Nd2 Bg7 8. Nc4 0-0 9. g3 b6 10. a4 Na6 11. Bg2 Nc7 12. Nxd6 Qxd6 13. Bf4 Qd7 14. d6 Ba6 15. dxc7 Rac8 16. Qxd7 Nxd7 17. 0-0 Ne5 18. a5 b5 19. Rfd1 b4 20. Nd5 Rfe8 21. Bg5 Kf8 22. Bf6 Bxe2 23. Re1 Bc4 24. Bxg7+ Kxg7 25. Nb6 axb6 26. axb6 Bb5 27. Bb7 Kf8 28. Rxe5 Rxe5 29. Bxc8 1-0

[Event "Gibraltar Masters 15th"]
[Site "Caleta"]
[Date "2017.01.27"]
[Round "4"]
[White "Ford, Clifton P"]
[Black "Broekman, Willem"]
[Result "0-1"]
[WhiteElo "1781"]
[BlackElo "1997"]
[PlyCount "104"]
[EventDate "2017.01.24"]
[EventType "swiss"]
[EventRounds "10"]
[EventCountry "GGB"]
[SourceTitle "CBM 177"]
[Source "ChessBase"]
[SourceDate "2017.03.16"]
[SourceVersion "1"]
[SourceVersionDate "2017.03.16"]
[SourceQuality "1"]

1. d4 e6 2. c4 f5 3. Nf3 Nf6 4. g3 d5 5. Bg2 c6 6. 0-0 Bd6 7. b3 Qe7 8. Bb2 0-0 9. Nc3 Bd7 10. Qc2 Be8 11. cxd5 exd5 12. Qxf5 Ne4 13. Qh3 Nxc3 14. Bxc3 Bd7 15. Qh4 Qxe2 16. Ne5 Bxe5 17. dxe5 Qg4 18. Qxg4 Bxg4 19. Rfe1 Re8 20. h3 Be6 21. Rad1 Nd7 22. f4 Rad8 23. g4 g6 24. Rf1 Rf8 25. Rf2 Rf7 26. Rdf1 Rdf8 27. Bd2 Kg7 28. Bc3 b6 29. a4 Nc5 30. Bb4 Kg8 31. Kh2 Nd3 32. Bxf8 Nxf2 33. Rxf2 Kxf8 34. Kg3 c5 35. Bf1 c4 36. bxc4 dxc4 37. Rc2 Rc7 38. f5 gxf5 39. gxf5 Rg7+ 40. Kf4 Bxf5 41. Kxf5 Rf7+ 42. Ke6 Rxf1 43. Rxc4 Rh1 44. Rc7 Rxh3 45. Rc8+ Kg7 46. Ke7 Rh4 47. e6 Rxa4 48. Rc3 Rg4 49. Rd3 h5 50. Kd7 Re4 51. e7 Kg6 52. Rd6+ Kf7 0-1

[Event "Gibraltar Masters 15th"]
[Site "Caleta"]
[Date "2017.01.25"]
[Round "2"]
[White "Bach, Matthias"]
[Black "Broekman, Willem"]
[Result "1/2-1/2"]
[WhiteElo "2264"]
[BlackElo "1997"]
[PlyCount "55"]
[EventDate "2017.01.24"]
[EventType "swiss"]
[EventRounds "10"]
[EventCountry "GGB"]
[SourceTitle "CBM 177"]
[Source "ChessBase"]
[SourceDate "2017.03.16"]
[SourceVersion "1"]
[SourceVersionDate "2017.03.16"]
[SourceQuality "1"]

1. d4 e6 2. c4 f5 3. g4 fxg4 4. Bf4 Nf6 5. h3 Bb4+ 6. Nc3 c5 7. Bg2 Qa5 8. dxc5 Qxc5 9. e3 Nc6 10. hxg4 Bxc3+ 11. bxc3 Qxc4 12. g5 Qxc3+ 13. Kf1 Qc4+ 14. Ne2 Nd5 15. Bxd5 exd5 16. Rc1 Qe4 17. Ng3 Qe6 18. Qd3 g6 19. Rh6 Ne7 20. Kg2 0-0 21. Rch1 Rf7 22. f3 d4 23. Ne4 Qxa2+ 24. Kg1 Qa1+ 25. Kg2 Qa2+ 26. Kg1 Qa1+ 27. Kg2 Qb2+ 28. Kg1 1/2-1/2

[Event "Gibraltar Challengers-B 13th"]
[Site "Caleta"]
[Date "2015.02.03"]
[Round "4"]
[White "Broekman, Willem"]
[Black "Burke, Mitchell R"]
[Result "1-0"]
[WhiteElo "2025"]
[BlackElo "1928"]
[PlyCount "81"]
[EventDate "2015.01.31"]
[EventType "swiss"]
[EventRounds "5"]
[EventCountry "GGB"]
[SourceTitle "CBM 164 Extra"]
[Source "ChessBase"]
[SourceDate "2015.03.02"]
[SourceVersion "1"]
[SourceVersionDate "2015.03.02"]
[SourceQuality "1"]

1. d4 Nf6 2. c4 c5 3. d5 b5 4. cxb5 a6 5. e3 Bb7 6. Nc3 axb5 7. Bxb5 Qa5 8. Bd2 Qb6 9. Bc4 e6 10. e4 Nxe4 11. Nf3 Nd6 12. Bd3 Be7 13. 0-0 Bxd5 14. Nxd5 exd5 15. Re1 Nc6 16. Ne5 Nd4 17. Bg5 Ne6 18. Bxe7 Kxe7 19. b3 f6 20. Ng4 Kf7 21. Ne3 d4 22. Nd5 Qc6 23. Qh5+ Kf8 24. Re2 Re8 25. Rae1 Nf7 26. f4 g6 27. Qf3 Kg7 28. Bc4 Qd6 29. Qg3 Nh6 30. Qh4 Rhf8 31. g4 g5 32. Qh5 gxf4 33. Re4 f5 34. g5 fxe4 35. Qxh6+ Kg8 36. g6 Re7 37. Kh1 f3 38. Rg1 f2 39. Nf6+ Kh8 40. g7+ Rxg7 41. Rxg7 1-0

[Event "Gibraltar Challengers-B 13th"]
[Site "Caleta"]
[Date "2015.02.02"]
[Round "3"]
[White "Risting, Eivind Olav"]
[Black "Broekman, Willem"]
[Result "1-0"]
[WhiteElo "1903"]
[BlackElo "2025"]
[PlyCount "99"]
[EventDate "2015.01.31"]
[EventType "swiss"]
[EventRounds "5"]
[EventCountry "GGB"]
[SourceTitle "CBM 164 Extra"]
[Source "ChessBase"]
[SourceDate "2015.03.02"]
[SourceVersion "1"]
[SourceVersionDate "2015.03.02"]
[SourceQuality "1"]

1. d4 d5 2. Bg5 Nf6 3. e3 h6 4. Bxf6 exf6 5. c4 Bb4+ 6. Nc3 Nc6 7. Nf3 0-0 8. Be2 dxc4 9. Bxc4 Bg4 10. 0-0 a6 11. Rc1 Qd7 12. Be2 Rfe8 13. Qc2 Nd8 14. Rfd1 Bd6 15. a3 Rc8 16. b4 c6 17. Na4 Qe6 18. Nc5 Qe7 19. Rd2 Bb8 20. h3 Bxf3 21. Bxf3 Ne6 22. g3 Rcd8 23. Bg2 Rf8 24. Rcd1 g6 25. e4 Kg7 26. d5 cxd5 27. exd5 Nxc5 28. bxc5 Ba7 29. d6 Qd7 30. Rb1 Rb8 31. Rxb7 Rxb7 32. c6 Qe6 33. cxb7 Rd8 34. Qd1 Qe5 35. Kh2 Bb8 36. Rd5 Qb2 37. Qd4 Qxb7 38. d7 Qc7 39. h4 Ba7 40. Qd2 Qb6 41. Kg1 Qc7 42. Qd3 a5 43. h5 Qc1+ 44. Bf1 Qb2 45. Be2 Qc1+ 46. Kg2 Qb2 47. hxg6 fxg6 48. Qe4 Kf7 49. Rd6 Qxa3 50. Qe6+ 1-0

[Event "Gibraltar Challengers-B 13th"]
[Site "Caleta"]
[Date "2015.02.01"]
[Round "2"]
[White "Broekman, Willem"]
[Black "Verneuil, Pascal"]
[Result "0-1"]
[WhiteElo "2025"]
[BlackElo "2093"]
[PlyCount "76"]
[EventDate "2015.01.31"]
[EventType "swiss"]
[EventRounds "5"]
[EventCountry "GGB"]
[SourceTitle "CBM 164 Extra"]
[Source "ChessBase"]
[SourceDate "2015.03.02"]
[SourceVersion "1"]
[SourceVersionDate "2015.03.02"]
[SourceQuality "1"]

1. d4 Nf6 2. c4 c5 3. d5 e6 4. Nc3 exd5 5. cxd5 d6 6. Nf3 g6 7. g3 Bg7 8. Bg2 Bg4 9. Nd2 a6 10. a4 0-0 11. h3 Bc8 12. 0-0 Nbd7 13. Nc4 Nb6 14. Na3 Bd7 15. Bf4 Qc7 16. Re1 Nh5 17. Bd2 Bxc3 18. Bxc3 Nxa4 19. Qc2 Nxc3 20. bxc3 b5 21. e4 Rab8 22. Nb1 a5 23. Nd2 a4 24. Kh2 Rbe8 25. Qc1 Ng7 26. g4 h6 27. Nf3 Kh7 28. Qd2 Re7 29. Qd3 Qb8 30. Kh1 Rfe8 31. Nh4 b4 32. f4 b3 33. e5 b2 34. Ra3 c4 35. Qd1 dxe5 36. d6 Re6 37. fxe5 Rxe5 38. Rf1 Re1 0-1

[Event "Liberec op 13th"]
[Site "Liberec"]
[Date "2012.10.24"]
[Round "6"]
[White "Roessler, Frank Peter"]
[Black "Broekman, Willem"]
[Result "1-0"]
[WhiteElo "1991"]
[BlackElo "2040"]
[PlyCount "59"]
[EventDate "2012.10.20"]
[EventType "swiss"]
[EventRounds "9"]
[EventCountry "CZE"]
[SourceTitle "EXT 2013"]
[Source "ChessBase"]
[SourceDate "2012.11.22"]
[SourceVersion "1"]
[SourceVersionDate "2012.11.22"]
[SourceQuality "1"]

1. f4 Nf6 2. Nf3 g6 3. e3 Bg7 4. Nc3 d5 5. Be2 0-0 6. 0-0 c5 7. d3 b6 8. a4 d4 9. exd4 cxd4 10. Ne4 Nd5 11. Qe1 Qc7 12. Bd1 Nc6 13. Qh4 Ncb4 14. Ne1 e6 15. Bd2 Ba6 16. Rf3 f6 17. c4 dxc3 18. bxc3 Nc6 19. Rh3 Kf7 20. Bb3 Nce7 21. c4 Nf5 22. Qf2 Nde7 23. c5 Rfd8 24. Rc1 Nd4 25. Ba2 bxc5 26. Rxc5 Qb7 27. Ba5 Rd7 28. Rc7 Qxc7 29. Bxc7 Nef5 30. Bxe6+ 1-0

[Event "Liberec op 13th"]
[Site "Liberec"]
[Date "2012.10.22"]
[Round "3"]
[White "Vavra, Pavel"]
[Black "Broekman, Willem"]
[Result "1-0"]
[WhiteElo "2376"]
[BlackElo "2040"]
[PlyCount "87"]
[EventDate "2012.10.20"]
[EventType "swiss"]
[EventRounds "9"]
[EventCountry "CZE"]
[SourceTitle "EXT 2013"]
[Source "ChessBase"]
[SourceDate "2012.11.22"]
[SourceVersion "1"]
[SourceVersionDate "2012.11.22"]
[SourceQuality "1"]

1. e4 e6 2. d4 d5 3. Nc3 Bb4 4. a3 Bxc3+ 5. bxc3 dxe4 6. Qg4 Nf6 7. Qxg7 Rg8 8. Qh6 Nbd7 9. Ne2 b6 10. Ng3 Bb7 11. a4 Rg6 12. Qh4 Qe7 13. Be2 0-0-0 14. a5 Re8 15. 0-0 Qd8 16. axb6 axb6 17. f3 Reg8 18. Bd2 Nb8 19. Rf2 exf3 20. Bxf3 Bxf3 21. Rxf3 Kb7 22. Raf1 Nbd7 23. R1f2 Rg4 24. Qh6 R8g6 25. Qe3 Nd5 26. Qe2 f5 27. c4 Ne7 28. Rf4 Qg8 29. c3 Nf6 30. Qf3+ c6 31. Re2 h5 32. d5 cxd5 33. cxd5 Rxg3 34. hxg3 Rxg3 35. Rxe6 Nexd5 36. Qe2 Qc8 37. Rxf5 Qc5+ 38. Kh2 Qc7 39. Kg1 Qc5+ 40. Qf2 Nd7 41. Rf7 Qc7 42. c4 Nc3 43. Rxd7 Qxd7 44. Qxb6+ 1-0

[Event "Liberec op 12th"]
[Site "Liberec"]
[Date "2011.10.28"]
[Round "8"]
[White "Broekman, Willem"]
[Black "Dadello, Andrzej"]
[Result "0-1"]
[WhiteElo "2054"]
[BlackElo "1772"]
[PlyCount "76"]
[EventDate "2011.10.22"]
[EventType "swiss"]
[EventRounds "9"]
[EventCountry "CZE"]
[SourceTitle "EXT 2012"]
[Source "ChessBase"]
[SourceDate "2011.11.24"]
[SourceVersion "1"]
[SourceVersionDate "2011.11.24"]
[SourceQuality "1"]

1. d4 d5 2. c4 e6 3. Nc3 Nf6 4. cxd5 exd5 5. Bg5 Be7 6. e3 0-0 7. Qc2 Nbd7 8. Nf3 c6 9. Bd3 Re8 10. 0-0 Nf8 11. Rab1 Ne4 12. Bxe7 Qxe7 13. Rfc1 Bg4 14. Ne1 h5 15. b4 h4 16. b5 Rac8 17. Qb2 h3 18. bxc6 bxc6 19. Qb7 Rc7 20. Qb4 Qg5 21. Bxe4 dxe4 22. g3 Ne6 23. Nxe4 Qg6 24. Nd2 Ng5 25. d5 Ne4 26. Nxe4 Rxe4 27. Qc5 Re5 28. Rb8+ Bc8 29. Qd4 Qd6 30. Qg4 Re8 31. Qf4 Qa3 32. Rxc6 Rxc6 33. dxc6 Qc3 34. Qb4 Qxc6 35. e4 Kh7 36. f3 Qc1 37. Rb5 Qe3+ 38. Kh1 Qf2 0-1

[Event "Liberec op 12th"]
[Site "Liberec"]
[Date "2011.10.24"]
[Round "3"]
[White "Horyna, Josef"]
[Black "Broekman, Willem"]
[Result "1-0"]
[WhiteElo "1888"]
[BlackElo "2054"]
[PlyCount "45"]
[EventDate "2011.10.22"]
[EventType "swiss"]
[EventRounds "9"]
[EventCountry "CZE"]
[SourceTitle "EXT 2012"]
[Source "ChessBase"]
[SourceDate "2011.11.24"]
[SourceVersion "1"]
[SourceVersionDate "2011.11.24"]
[SourceQuality "1"]

1. d4 e6 2. e4 d5 3. exd5 exd5 4. Bd3 Bd6 5. Nf3 Ne7 6. Bg5 0-0 7. 0-0 f6 8. Bh4 Bf5 9. Bg3 Bxg3 10. hxg3 Nbc6 11. c3 Qd7 12. Qc2 Bxd3 13. Qxd3 Nf5 14. Nbd2 Rfe8 15. Rfe1 g6 16. Rxe8+ Rxe8 17. Re1 Rxe1+ 18. Nxe1 Qe6 19. Nef3 Nd6 20. Kf1 Kf7 21. Qe2 Ne4 22. c4 f5 23. Nxe4 1-0

[Event "Liberec op 11th"]
[Site "Liberec"]
[Date "2010.10.27"]
[Round "5"]
[White "Vlasak, Lukas"]
[Black "Broekman, Willem"]
[Result "1/2-1/2"]
[WhiteElo "2231"]
[BlackElo "2087"]
[PlyCount "52"]
[EventDate "2010.10.23"]
[EventType "swiss"]
[EventRounds "9"]
[EventCountry "CZE"]
[SourceTitle "EXT 2011"]
[Source "ChessBase"]
[SourceDate "2010.11.26"]
[SourceVersion "1"]
[SourceVersionDate "2010.11.26"]
[SourceQuality "1"]

1. e4 e6 2. d4 d5 3. Nc3 Bb4 4. e5 c5 5. a3 Bxc3+ 6. bxc3 Ne7 7. Nf3 Qa5 8. Bd2 Nbc6 9. Be2 Bd7 10. 0-0 Qa4 11. Qb1 0-0-0 12. Bb5 Qa5 13. c4 Qc7 14. cxd5 Nxd5 15. c4 Nde7 16. Bg5 h6 17. Bxe7 Nxe7 18. dxc5 Bc6 19. Bxc6 Nxc6 20. Qe4 Qd7 21. Qc2 Qd3 22. Qa4 Qc3 23. Rab1 Rd7 24. Rfd1 Rxd1+ 25. Rxd1 Rd8 26. Rxd8+ Kxd8 1/2-1/2

[Event "Liberec op 11th"]
[Site "Liberec"]
[Date "2010.10.25"]
[Round "3"]
[White "Broekman, Willem"]
[Black "Dambrauskas, Virginijus A"]
[Result "0-1"]
[WhiteElo "2087"]
[BlackElo "2354"]
[PlyCount "88"]
[EventDate "2010.10.23"]
[EventType "swiss"]
[EventRounds "9"]
[EventCountry "CZE"]
[SourceTitle "EXT 2011"]
[Source "ChessBase"]
[SourceDate "2010.11.26"]
[SourceVersion "1"]
[SourceVersionDate "2010.11.26"]
[SourceQuality "1"]

1. d4 d5 2. c4 e6 3. cxd5 exd5 4. Nc3 c6 5. Qc2 g6 6. e3 Bf5 7. Bd3 Bxd3 8. Qxd3 Nf6 9. Nf3 Nbd7 10. b3 Bd6 11. Bb2 0-0 12. 0-0 Qe7 13. Qc2 Rfe8 14. Rac1 Ng4 15. h3 Nh6 16. Na4 f5 17. Nc5 Nf6 18. Ne5 Ne4 19. Ncd3 Nf7 20. f4 Nd8 21. Nf2 Nxf2 22. Qxf2 Ne6 23. Rc2 a5 24. a4 Rf8 25. Kh1 Rad8 26. Qd2 Ra8 27. Qc1 Bxe5 28. dxe5 Qh4 29. Qe1 Qxe1 30. Rxe1 Rac8 31. Rd1 Rfd8 32. g4 Kf7 33. gxf5 gxf5 34. Bd4 c5 35. Bc3 b6 36. Bb2 Rg8 37. Rg1 Rxg1+ 38. Kxg1 Rg8+ 39. Rg2 Rxg2+ 40. Kxg2 c4 41. bxc4 dxc4 42. Kf3 Nc5 43. Bd4 Nxa4 44. e4 Ke6 0-1

[Event "Dresden ZMD op"]
[Site "Dresden"]
[Date "2010.07.18"]
[Round "9"]
[White "Boehm, Robert"]
[Black "Broekman, Willem"]
[Result "0-1"]
[WhiteElo "2187"]
[BlackElo "2085"]
[PlyCount "120"]
[EventDate "2010.07.10"]
[EventType "swiss"]
[EventRounds "9"]
[EventCountry "GER"]
[SourceTitle "CBM 137 Extra"]
[Source "ChessBase"]
[SourceDate "2010.09.01"]
[SourceVersion "1"]
[SourceVersionDate "2010.09.01"]
[SourceQuality "1"]

1. d4 e6 2. Nf3 Nf6 3. g3 d5 4. c4 Nbd7 5. Bg2 Be7 6. 0-0 0-0 7. Qc2 c6 8. Nbd2 Qc7 9. e4 Nxe4 10. Nxe4 dxe4 11. Qxe4 Rd8 12. b3 Bf6 13. Bf4 Qa5 14. Rfd1 c5 15. Be3 a6 16. Rd2 cxd4 17. Bxd4 Nf8 18. Bxf6 Rxd2 19. Nxd2 Qxd2 20. Bd4 Bd7 21. Qe3 Qxe3 22. Bxe3 Bc6 23. Bxc6 bxc6 24. Rd1 e5 25. Rd6 Rc8 26. Kf1 f5 27. Bc5 Kf7 28. Ke1 h6 29. Kd2 Ne6 30. Rd7+ Kf6 31. Be7+ Kf7 32. Ra7 e4 33. Bb4+ Rc7 34. Rxa6 g5 35. Bc3 Rd7+ 36. Ke2 c5 37. Be5 f4 38. gxf4 gxf4 39. Rd6 Ra7 40. Rd2 Ra3 41. Bxf4 Nxf4+ 42. Ke3 Nd3 43. Kxe4 Nb4 44. Rd7+ Ke8 45. Rc7 Nxa2 46. Rxc5 Rxb3 47. Ra5 Rb6 48. f4 Rc6 49. Re5+ Kf7 50. c5 Nb4 51. h4 Na6 52. Kd4 Rf6 53. Ke4 Kg6 54. h5+ Kf7 55. Rd5 Rc6 56. Kd4 Nc7 57. Rd6 Ne6+ 58. Ke4 Nxc5+ 59. Kd5 Rxd6+ 60. Kxd6 Nd3 0-1

[Event "Dresden ZMD op"]
[Site "Dresden"]
[Date "2010.07.15"]
[Round "6"]
[White "Broekman, Willem"]
[Black "Krockenberger, Martin"]
[Result "0-1"]
[WhiteElo "2085"]
[BlackElo "2219"]
[PlyCount "86"]
[EventDate "2010.07.10"]
[EventType "swiss"]
[EventRounds "9"]
[EventCountry "GER"]
[SourceTitle "CBM 137 Extra"]
[Source "ChessBase"]
[SourceDate "2010.09.01"]
[SourceVersion "1"]
[SourceVersionDate "2010.09.01"]
[SourceQuality "1"]

1. e4 c5 2. Nc3 a6 3. Nf3 d6 4. d4 cxd4 5. Nxd4 Nf6 6. Be2 e5 7. Nb3 Be6 8. Be3 Be7 9. Qd2 Nbd7 10. f4 Qc7 11. Nd5 Bxd5 12. exd5 Nb6 13. Bxb6 Qxb6 14. Bf3 0-0 15. 0-0-0 a5 16. fxe5 dxe5 17. Qe2 a4 18. Nd2 a3 19. Nb3 axb2+ 20. Kxb2 Qa7 21. Nc1 e4 22. Bxe4 Ba3+ 23. Kb1 Rfe8 24. Bxh7+ Nxh7 25. Qc4 Nf6 26. Rhe1 Bd6 27. g4 Qb6+ 28. Nb3 Rxe1 29. Rxe1 Qb4 30. Qxb4 Bxb4 31. Rd1 Ne4 32. Rd3 Nc3+ 33. Kb2 Rxa2+ 34. Kc1 Ba3+ 35. Kd2 Ne4+ 36. Ke3 Nd6 37. Rc3 Bb4 38. Rc7 Ra8 39. h4 Kf8 40. Nd4 Ke8 41. c3 Ra3 42. Kf4 Ba5 43. Nb5 Bxc7 0-1

[Event "Dresden ZMD op"]
[Site "Dresden"]
[Date "2010.07.12"]
[Round "3"]
[White "Lysyj, Igor"]
[Black "Broekman, Willem"]
[Result "1-0"]
[WhiteElo "2631"]
[BlackElo "2085"]
[PlyCount "57"]
[EventDate "2010.07.10"]
[EventType "swiss"]
[EventRounds "9"]
[EventCountry "GER"]
[SourceTitle "CBM 137 Extra"]
[Source "ChessBase"]
[SourceDate "2010.09.01"]
[SourceVersion "1"]
[SourceVersionDate "2010.09.01"]
[SourceQuality "1"]

1. d4 e6 2. c4 Nf6 3. Nf3 d5 4. Nc3 c6 5. e3 Bd6 6. Bd3 Nbd7 7. 0-0 0-0 8. e4 dxc4 9. Bxc4 e5 10. Bg5 Qe7 11. d5 Nb6 12. Bb3 Bg4 13. Re1 Rfd8 14. Qd3 Bc5 15. h3 Bd7 16. Rad1 Re8 17. a3 Rad8 18. Ba2 Bc8 19. Qc2 Qc7 20. Bxf6 gxf6 21. dxc6 bxc6 22. b4 Bd6 23. Nh4 Kh8 24. Nf5 Rg8 25. Rc1 Be6 26. Red1 Qb8 27. Ne2 Nc8 28. Neg3 Be7 29. Qxc6 1-0

[Event "Dresden ZMD op"]
[Site "Dresden"]
[Date "2010.07.10"]
[Round "1"]
[White "Thamm, Merlin Jannes"]
[Black "Broekman, Willem"]
[Result "1-0"]
[WhiteElo "1717"]
[BlackElo "2085"]
[PlyCount "55"]
[EventDate "2010.07.10"]
[EventType "swiss"]
[EventRounds "9"]
[EventCountry "GER"]
[SourceTitle "CBM 137 Extra"]
[Source "ChessBase"]
[SourceDate "2010.09.01"]
[SourceVersion "1"]
[SourceVersionDate "2010.09.01"]
[SourceQuality "1"]

1. e4 e6 2. d4 d5 3. exd5 exd5 4. Bd3 Bd6 5. Qf3 c6 6. Ne2 Nf6 7. h3 0-0 8. 0-0 Re8 9. Bg5 Nbd7 10. Nd2 Be7 11. Bf4 Nf8 12. c3 Ne6 13. Be3 g6 14. Rfe1 Ng7 15. Ng3 Ngh5 16. Ndf1 Be6 17. Nxh5 Nxh5 18. Ng3 Ng7 19. Bf4 Qd7 20. Be5 f6 21. Bf4 Nf5 22. Kh2 Kg7 23. Nxf5+ Bxf5 24. Re2 Bd6 25. Bxd6 Qxd6+ 26. Kg1 Bxd3 27. Qxd3 Rxe2 28. Qxe2 1-0

[Event "Liberec op 10th"]
[Site "Liberec"]
[Date "2009.10.30"]
[Round "8"]
[White "Ni, Viktorija"]
[Black "Broekman, Willem"]
[Result "1-0"]
[WhiteElo "2188"]
[BlackElo "2129"]
[PlyCount "53"]
[EventDate "2009.10.24"]
[EventType "swiss"]
[EventRounds "9"]
[EventCountry "CZE"]
[SourceTitle "EXT 2010"]
[Source "ChessBase"]
[SourceDate "2010.11.25"]
[SourceVersion "1"]
[SourceVersionDate "2010.11.25"]
[SourceQuality "1"]

1. d4 Nf6 2. c4 e6 3. Nf3 Bb4+ 4. Bd2 a5 5. a3 Be7 6. Nc3 d5 7. Qc2 c6 8. c5 Nbd7 9. h3 Qc7 10. e4 e5 11. exd5 Nxd5 12. Nxd5 cxd5 13. dxe5 Nxe5 14. Bb5+ Kf8 15. Nxe5 Qxe5+ 16. Kf1 Bf5 17. Qb3 Bxc5 18. Re1 Qf6 19. Re2 Be6 20. Qc2 Rc8 21. Bxa5 g6 22. Qd2 Kg7 23. Kg1 b6 24. Bb4 Bd4 25. Bd6 Rhd8 26. Bf4 Rc2 27. Bh6+ 1-0

[Event "Liberec op 10th"]
[Site "Liberec"]
[Date "2009.10.28"]
[Round "5"]
[White "Broekman, Willem"]
[Black "Heinzel, Olaf"]
[Result "0-1"]
[WhiteElo "2129"]
[BlackElo "2341"]
[PlyCount "60"]
[EventDate "2009.10.24"]
[EventType "swiss"]
[EventRounds "9"]
[EventCountry "CZE"]
[SourceTitle "EXT 2010"]
[Source "ChessBase"]
[SourceDate "2010.11.25"]
[SourceVersion "1"]
[SourceVersionDate "2010.11.25"]
[SourceQuality "1"]

1. d4 Nf6 2. Nf3 c5 3. d5 b5 4. c4 bxc4 5. Nc3 d6 6. e4 g6 7. Nd2 Bg7 8. Be2 0-0 9. 0-0 Nbd7 10. Nxc4 Nb6 11. Ne3 e6 12. Bf3 exd5 13. exd5 Ba6 14. Be2 Bxe2 15. Qxe2 Re8 16. Qc2 Qd7 17. Rd1 Re5 18. Qb3 Rae8 19. Bd2 Rh5 20. Qb5 Qxb5 21. Nxb5 Nfxd5 22. Nxd6 Re6 23. Nb5 Bxb2 24. Rab1 Be5 25. g3 a6 26. Nxd5 Nxd5 27. Na3 Nc3 28. Bxc3 Bxc3 29. Rb3 Bd4 30. Nc2 Bxf2+ 0-1